Saksan kaupunkeja laattavalinta - Statistics

Yleistilastot
  • Tätä visaa on pelattu 24 kertaa
  • Keskiarvotulos 8 / 9
Vastaustilastot
Kysymys Laatta Select % Oikein
Valitse kaikki Saksan kaupungit Basseterre Ei
100%
Valitse kaikki Saksan kaupungit Belem Ei
100%
Valitse kaikki Saksan kaupungit Dijon Ei
94%
Valitse kaikki Saksan kaupungit Nürnberg Kyllä
94%
Valitse kaikki Saksan kaupungit Dresden Kyllä
89%
Valitse kaikki Saksan kaupungit Essen Kyllä
83%
Valitse kaikki Saksan kaupungit Hannover Kyllä
83%
Valitse kaikki Saksan kaupungit Münster Kyllä
83%
Valitse kaikki Saksan kaupungit Wolfsburg Kyllä
61%
Ehtoja vastaavia visoja ei löytynyt
Tulosjakauma
Jokaisen tuloksen saaneiden osuus
Persentiili vastausten määrän mukaan
Tuloshistoriasi
Et ole pelannut tätä visaa